| 000 | 00000nam 2200000zi 4500 |
| 001 | 9.952495 |
| 003 | CaOODSP |
| 005 | 20250819160508 |
| 006 | m o d f |
| 007 | cr |n||||||||| |
| 008 | 250619e198805##oncda obt f|0| 0 eng d |
| 040 | |aCaOODSP|beng|erda|cCaOODSP |
| 043 | |an-cn--- |
| 086 | 1 |aD68-25/16-1988E-PDF |
| 100 | 1 |aSturgeon, Wayne R., |eauthor. |
| 245 | 10|aEjection systems and the human factor : |ba guide for flight surgeons and aeromedical trainers / |cW.R. Sturgeon. |
| 264 | 1|aDownsview, Ontario : |bDefence Civil Institute of Environmental Medicine, Department of National Defence - Canada, |cMay 1988. |
| 300 | |a1 online resource (vii, 84, [2] pages) : |bcharts, illustrations |
| 336 | |atext|btxt|2rdacontent |
| 337 | |acomputer|bc|2rdamedia |
| 338 | |aonline resource|bcr|2rdacarrier |
| 490 | 1 |aDCIEM technical report ; |vNo. 88-TR-16 |
| 500 | |aDigitized edition from print [produced by Defence Research and Development Canada]. |
| 504 | |aIncludes bibliographical references (pages 42-43). |
| 520 | |a"This report outlines the Canadian Forces (CF) experience with ejection escape systems and the human factors involvement in their use during the period 1952 through 1987. It is intended as an introductory guide to Flight Surgeons and other aeromedical personnel of the Canadian Forces investigating accidents or incidents involving ejection systems, or for personnel responsible for training aircrew in the use of ejection systems"--Abstract, page vii. |
| 650 | 0|aPilot ejection seats. |
| 650 | 0|aAircraft accidents|xInvestigation|zCanada. |
| 650 | 6|aSièges éjectables. |
| 650 | 6|aAéronautique|xAccidents|xEnquêtes|zCanada. |
| 710 | 2 |aDefence and Civil Institute of Environmental Medicine (Canada), |eissuing body. |
| 710 | 1 |aCanada. |bDepartment of National Defence, |eissuing body. |
| 830 | #0|aDCIEM technical report ;|vNo. 88-TR-16.|w(CaOODSP)9.943618 |
| 856 | 40|qPDF|s3.59 MB|uhttps://publications.gc.ca/collections/collection_2025/rddc-drdc/D68-25-16-1988-eng.pdf |